00295nam a2200109Ia 4500008004100000100001600041245006800057260002400125650001200149942000700161999001700168190216s9999||||xx |||||||||||||| ||und|| aKurup K K N 0aWilliam Logan(A Study In The Agrarian Relations Of The Malabar) bSandhy Pubs.Calicut aHistory cBK c19195d19195